| 000 | 01195nam a2200265Ia 4500 | ||
|---|---|---|---|
| 003 | OSt | ||
| 005 | 20221005103609.0 | ||
| 006 | a|||||r|||| 00| 0 | ||
| 007 | ta | ||
| 008 | 221004b |||||||| |||| 00| 0 hin d | ||
| 020 |
_a9788185246444 (hbk) _c300 |
||
| 024 | _a102985 | ||
| 037 |
_b463, 12/02/2010, Eastern Book Linkers _cTextual |
||
| 040 |
_aCRL _cCRL _bhin |
||
| 041 |
_2hin _ahin |
||
| 082 | _aO15jN18, 152P4 | ||
| 100 | _aत्रिपाठी, विद्याशंकर, संपा. | ||
| 245 | 0 | _aअभिनन्दन - भारती एवं संस्कृत वाङ्मय में पर्यावरण चेतना | |
| 246 | _aAbhinandan - bhāratī evan sanskṛut vānmaya mean paryāvaraṇ chetanā | ||
| 260 |
_aज्ञानपुर _bविश्वभारती अनुसंधान परिषद् भारत _c2004 |
||
| 300 |
_a229पृ0 _ccm. |
||
| 650 | _aसंस्कृत साहित्य | ||
| 942 |
_hO15jN18, 152P4 _cTEXL _2cc |
||
| 999 |
_c1010391 _d1010391 |
||